| 000 | 00967nam a2200265 a 4500 | ||
|---|---|---|---|
| 001 | 000010840 | ||
| 005 | 20250630100924.0 | ||
| 008 | 091012s2009 dr a 000 f spa d | ||
| 020 | _a9789993456469 | ||
| 040 |
_aDO-SdBNP _bspa _cBNPHU |
||
| 082 |
_aRD863.44 _bT866s, 2009 |
||
| 100 | 1 |
_aTrujillo Ricart , Aída, _d1952- _912112 |
|
| 245 | 1 | 0 |
_aA la sombra de mi abuelo / _cAída Trujillo. |
| 250 | _a2a. ed. | ||
| 260 |
_aSanto Domingo : _bNorma, _c2009. |
||
| 300 |
_a339 p. : _bil., retrs. ; _c23 p. |
||
| 500 | _aIncluye datos biográficos de la autora en las solapas | ||
| 590 | _aInventariado, 2020/VM | ||
| 586 | _aPremio nacional de novela 2008 | ||
| 600 | 1 | 0 |
_aTrujillo Molina, Rafael Leónidas, _d 1891-1961 _976764 |
| 650 | 0 |
_aNovela histórica dominicana. _9860 |
|
| 650 | 0 |
_aLiteratura histórica dominicana _924340 |
|
| 651 | 0 |
_aRepública Dominicana _xHistoria _yEra de Trujillo, 1930-1961 _978796 |
|
| 910 | _aValidado. Control de calidad MMOLINA | ||
| 999 |
_c10589 _d10589 |
||